Villes ayant accueilli un Grand Prix de Formule 1 - Statistiques

Statistiques générales
  • Ce quiz a été pris 1 482 fois
    648 depuis la dernière actualisation
  • Le résultat moyen est 22 sur 75
Statistiques - réponses
Hint Réponse % Correct
Monaco Monaco
76%
Espagne Barcelone
75%
États-Unis Las Vegas
72%
États-Unis Miami
69%
Italie Monza
68%
Australie Melbourne
65%
Azerbaïdjan Bakou
64%
Canada Montréal
64%
Brésil São Paulo
60%
États-Unis Austin
59%
France Le Mans
58%
Royaume-Uni Silverstone
58%
Mexique Mexico
57%
Singapour Singapour
57%
Italie Imola
56%
France Le Castellet
54%
Émirats arabes unis Abou Dabi
52%
Japon Suzuka
52%
Argentine Buenos Aires
50%
Chine Shanghai
49%
Espagne Valence
47%
Arabie Saoudite Djeddah
45%
Brésil Rio de Janeiro
43%
Pays-Bas Zandvoort
42%
Allemagne Berlin
40%
Allemagne Hockenheim
40%
France Magny-Cours
40%
Allemagne Nürburg
39%
Belgique Francorchamps
38%
États-Unis Indianapolis
37%
Portugal Lisbonne
37%
Portugal Portimão
37%
Autriche Spielberg
36%
Portugal Porto
33%
Russie Sotchi
32%
Australie Adélaïde
29%
Bahreïn Sakhir
29%
Suisse Bremgarten bei Bern
26%
Maroc Casablanca
26%
Espagne Jerez de la Frontera
25%
Afrique du Sud Kyalami
25%
Qatar Losail
25%
Malaisie Sepang
24%
États-Unis Dallas
21%
États-Unis Détroit
19%
Italie Mugello
17%
Portugal Estoril
16%
Belgique Heusden-Zolder
13%
Royaume-Uni Liverpool
11%
États-Unis Phoenix
11%
France Prenois
8%
États-Unis Long Beach
7%
France Gueux
6%
Canada Mont Tremblant
6%
Belgique Nivelles
6%
Autriche Zeltweg
6%
Italie Pescara
5%
États-Unis Watkins Glen
5%
Hongrie Mogyoród
4%
Espagne Montmeló
4%
Afrique du Sud East London
3%
France Grand-Couronne
3%
Corée du Sud Mokpo
3%
États-Unis Riverside
3%
États-Unis Sebring
3%
Turquie Tuzla
3%
Royaume-Uni Castle Donington
2%
Inde Greater Noida
2%
Suède Jönköping
2%
Japon Mimasaka
2%
Japon Oyama
2%
France Saint-Genès-Champanelle
2%
Royaume-Uni Longfield
1%
Espagne San Sebastián de los Reyes
1%
Canada Clarington
0%
Aucun quiz correspondant
Distribution des résultats
% des personnes avec chaque résultat
Percentile par nombre de réponses
Votre historique - résultats
Vous n’avez pas pris ce quiz depuis la dernière actualisation